|
|
|
|
| LEADER |
01831nam a2200421 a 4500 |
| 001 |
000577771 |
| 003 |
CZ BrMZK |
| 005 |
20190912144711.0 |
| 007 |
ta |
| 008 |
011109s2001 xr e p cze d |
| 015 |
|
|
|a cnb001033186
|
| 020 |
|
|
|a 80-213-0812-5
|
| 035 |
|
|
|a (OCoLC)50343521
|
| 040 |
|
|
|a BOA001
|b cze
|
| 043 |
|
|
|a e-xr---
|
| 072 |
|
7 |
|a 657
|x Účetnictví
|2 Konspekt
|9 4
|
| 072 |
|
7 |
|a 37.016
|x Učební osnovy. Vyučovací předměty. Učebnice
|2 Konspekt
|9 22
|
| 080 |
|
|
|a 657
|2 MRF
|
| 080 |
|
|
|a (437.3)
|2 MRF
|
| 080 |
|
|
|a (075.8)
|2 MRF
|
| 100 |
1 |
|
|a Landová, Marie
|7 jn20010309227
|4 aut
|
| 245 |
1 |
0 |
|a Cvičení z účetnictví pro neekonomické obory ČZU /
|c Marie Landová
|
| 250 |
|
|
|a Vyd. 4.
|
| 260 |
|
|
|a Praha :
|b Credit,
|c 2001
|
| 300 |
|
|
|a 55 s. :
|b formuláře ;
|c 29 cm
|
| 500 |
|
|
|a Vydavatel: Česká zemědělská univerzita v Praze
|
| 521 |
|
|
|a Určeno pro posluchače AF, LF, TF
|
| 650 |
0 |
7 |
|a účetnictví
|7 ph116911
|z Česko
|2 czenas
|
| 650 |
0 |
7 |
|a účetnictví
|7 ph116911
|x úlohy
|2 czenas
|
| 655 |
|
7 |
|a učebnice vysokých škol
|7 fd133772
|2 czenas
|
| 710 |
2 |
|
|a Česká zemědělská univerzita v Praze.
|b Provozně ekonomická fakulta
|7 kn20010725055
|
| 910 |
|
|
|a BOA001
|b 3-1093.614
|
| 990 |
|
|
|a BK
|
| 996 |
6 |
|
|b 2610147028
|c 3-1093.614
|l MZK
|r Sklad / do 1 hodiny
|n 0
|p p.v.
|w 000577771
|u 000010
|a 1
|e BOA001
|j MZK50
|s P
|
| 996 |
6 |
|
|b 2610184660
|c 3-1093.614
|l MZK
|r Sklad / do 1 hodiny
|n 0
|p p.v.
|w 000577771
|u 000020
|a 1
|e BOA001
|j MZK50
|s P
|
| 996 |
7 |
|
|b 2610202826
|c 3-1093.614
|l MZK
|r Sklad / do 1 hodiny
|n 0
|p p.v.
|w 000577771
|u 000030
|a 1
|e BOA001
|j MZK50
|s A
|
| 996 |
7 |
|
|b 2610246432
|c 3-1093.614
|l MZK
|r Sklad / do 1 hodiny
|n 0
|p p.v. dotisk 2004
|w 000577771
|u 000040
|a 1
|e BOA001
|j MZK50
|s A
|
| 996 |
7 |
|
|b 2610263533
|c 3-1093.614
|l MZK
|r Sklad / do 1 hodiny
|n 0
|p p.v. 4. dotisk 2005
|w 000577771
|u 000050
|a 1
|e BOA001
|j MZK50
|s A
|